000 00302nam a22001337a 4500
008 170330b xxu||||| |||| 00| 0 eng d
020 _a003011442
041 _aeng
080 _213 ED
_a616-053.2
100 _a8
101 _aSHM
245 _aPEDIATRICS NELSON TEXBOOK
_cBEHRMAN.R.E
942 _2udc
_cBK
999 _c9167
_d9167